| 000 | 00360pam a2200157a 44500 | ||
|---|---|---|---|
| 008 | 230515b2011 xxu||||| |||| 00| 0 eng d | ||
| 020 | _a00 | ||
| 041 | _aENG | ||
| 082 | _a618.2 | ||
| 100 | _aKONAR H | ||
| 245 | _aTEXTBOOK OF OBSTETRIES | ||
| 250 | _a6 | ||
| 260 |
_aNULL _bNEW CENTRAL BOOK AGENCY(P) LTD. _c2011 |
||
| 300 | _a688 | ||
| 650 | _aGYNAECOLOGY | ||
| 999 |
_c553530 _d553530 |
||